| 000 | 00591nam a2200217Ia 4500 | ||
|---|---|---|---|
| 005 | 20221122101224.0 | ||
| 008 | 131103s9999 xx 000 0 und d | ||
| 040 | _aLoreto College | ||
| 041 | _aEnglish | ||
| 082 |
_a821.7 _bWOR-REY |
||
| 100 | _aWordsworth,William | ||
| 245 | 4 |
_aThe prelude _cWilliam Wordsworth; edited by E.E.Reynolds |
|
| 260 |
_aLondon _bMacmillan _c1954 |
||
| 300 | _axvi,240 p. | ||
| 440 | _aGolden Treasury Series | ||
| 650 | _aEnglish Poetry | ||
| 651 | _aWordsworth - Poems - The Prelude | ||
| 700 | _aReynolds,E.E.,ed. | ||
| 850 | _aLCLIB | ||
| 942 | _cBK | ||
| 999 |
_c5981 _d56460 |
||